[Event "Hoogovens"]
[Site "Wijk aan Zee"]
[Date "1994.01.??"]
[Round "3"]
[White "Smirin, Ilia"]
[Black "Sokolov, Ivan"]
[Result "1-0"]
[WhiteElo "2615"]
[BlackElo "2650"]
[Annotator "Wedberg,T"]
[PlyCount "137"]
[EventDate "1994.01.21"]
[EventType "tourn"]
[EventRounds "9"]
[EventCountry "NED"]
[EventCategory "14"]
[SourceTitle "CBM 040"]
[Source "ChessBase"]
[SourceDate "1994.06.01"]
[SourceVersion "1"]
[SourceVersionDate "1994.06.01"]
[SourceQuality "1"]

1. e4 e5 2. Nf3 Nc6 3. Bb5 g6 4. d4 exd4 5. Bg5 Be7 (5... f6 $6 6. Bh4 Bg7 7.
O-O Nge7 8. Bc4 Na5 9. Qxd4 Nec6 10. Qd5 Nxc4 11. Qxc4 d6 12. Nc3 Bg4 13. Nd4
Nxd4 14. Qxd4 O-O 15. f4 {+/- /\f5, xBg4 Nunn-Davies/Hastings 1987/88/1-0 29})
6. Bxe7 (6. h4 Nf6 7. e5 Ng4 $15) (6. Bf4 Nf6 7. e5 Nd5 8. Bh6 a6 9. Ba4 Nb6
10. Bb3 d5 11. Nxd4 Nxd4 12. Qxd4 c5 13. Ba4+ Nxa4 14. Qxa4+ Bd7 15. Qb3 Bc6
16. Nc3 Qd7 17. O-O-O O-O-O {Sax-Radulov/Warszawa 1987}) 6... Ngxe7 (6... Qxe7
$6 7. Bxc6 dxc6 8. Qxd4 Nf6 9. Nc3 O-O (9... Bg4 10. Nd2 O-O 11. h3 Be6 12.
O-O-O Rfd8 13. Qe3 b5 14. f4 {+/=/Psakhis-Smyslov/Rostov/1993/1/4-1/4/64}) 10.
O-O-O Be6 11. h3 Rfd8 12. Qe3 b5 13. Ne5 Bd7 14. f4 Be8 15. g4 a5 16. g5 Nh5
17. Ng4 b4 18. Na4 Rxd1+ 19. Rxd1 Rd8 20. Rxd8 Qxd8 21. Nc5 {+/- Sax-Smyslov/
New York Open 1987}) 7. Nxd4 d5 8. Nc3 (8. Nxc6 bxc6 9. Ba4 O-O (9... dxe4 10.
Qxd8+ Kxd8 11. Nc3 f5 12. O-O-O+ Ke8 13. Nd5 $1 $36) 10. Nd2 Ba6 11. Qf3 dxe4
12. Qxe4 Re8 13. O-O-O Nd5 14. Qd4 Bb5 15. Bb3 Qg5 {= Hellers-Barbero/Budapest/
1988}) 8... O-O (8... dxe4 9. Nxc6 Qxd1+ 10. Rxd1 Nxc6 11. Bxc6+ bxc6 12. Nxe4
Bf5 13. O-O O-O 14. Rd4 Rad8 (14... Kg7 15. f3 Rfe8 16. Rfd1 Rab8 17. b3 Rb5
18. Rc4 Rd5 19. Rd3 Re6 {+/= Nunn-Salov/Skelleftea 1989/1/4-1/4 79}) 15. Rfd1
Rxd4 16. Rxd4 c5 17. Rc4 Rb8 18. b3 Rb4 19. Nf6+ Kg7 20. Rxb4 cxb4 21. Nd5 Bxc2
22. Nxb4 Bb1 {=/+ Ronin-Mukhametov/Novosibirsk 1989/0-1 56}) 9. Bxc6 bxc6 10.
Nb3 dxe4 11. Nxe4 Bf5 12. Nbc5 Qxd1+ 13. Rxd1 Nd5 14. O-O Kg7 15. c4 Bxe4 16.
Nxe4 Rae8 17. Nc5 Nb6 18. b3 $14 Re5 19. Nd3 Re2 20. a4 Nd7 21. Rfe1 Rxe1+ 22.
Rxe1 c5 23. f3 Rb8 24. Re7 Rd8 25. Kf2 Kf6 26. Re3 Rb8 27. Nf4 c6 28. g4 Nf8
29. h4 h6 30. Rd3 Ne6 31. Nxe6 Kxe6 32. Re3+ Kd7 33. h5 gxh5 34. gxh5 Re8 (
34... Rg8 35. Re5 Kd6 36. Rf5 $16) 35. Rd3+ (35. Rxe8 Kxe8 $10) 35... Kc7 $2 (
35... Ke6 $14) 36. f4 Re4 37. Kf3 Re1 38. Kg4 $18 Rg1+ 39. Kf5 Rh1 40. Kf6 Rxh5
41. f5 Rh1 42. Kxf7 h5 43. Re3 Kd7 44. Rd3+ Kc7 45. f6 h4 46. Ke6 Re1+ (46...
h3 47. Rd7+ Kb6 48. f7 h2 49. f8=Q Re1+ 50. Kd6 Rd1+ 51. Ke7 Rxd7+ 52. Kxd7
h1=Q 53. Qd8+ Ka6 54. Qc8+ Ka5 55. Qxc6 Qh7+ 56. Kd6 $18) 47. Kf5 Rf1+ 48. Kg5
Rh1 49. Rf3 h3 50. Kh4 $1 h2 51. Kh3 Rg1 52. Kxh2 Rg8 53. f7 Rf8 54. Rf6 Kd7
55. Kg2 a5 56. Kf3 Ke7 57. Rxc6 Rb8 58. Rc7+ Kf8 59. Ke4 Rxb3 60. Kd5 Ra3 61.
Ra7 Ra1 62. Rxa5 Kxf7 63. Kxc5 Rc1 64. Ra8 Ke7 65. a5 Kd7 66. a6 Kc7 67. Rg8
Ra1 68. a7 Ra5+ 69. Kd4 1-0

[Event "Montecatini Terme"]
[Site "Montecatini Terme"]
[Date "2000.07.28"]
[Round "1"]
[White "Shirov, Alexei"]
[Black "Azmaiparashvili, Zurab"]
[Result "0-1"]
[WhiteElo "2746"]
[BlackElo "2673"]
[Annotator "Wedberg,T"]
[PlyCount "92"]
[EventDate "2000.07.28"]
[EventType "tourn"]
[EventRounds "7"]
[EventCountry "ITA"]
[EventCategory "17"]
[SourceTitle "CBM 079"]
[Source "ChessBase"]
[SourceDate "2000.11.21"]
[SourceVersion "1"]
[SourceVersionDate "2000.11.21"]
[SourceQuality "1"]

1. e4 e5 2. Nf3 Nc6 3. Bb5 g6 4. d4 exd4 5. Bg5 Be7 6. Bxe7 Qxe7 7. Bxc6 dxc6
8. Qxd4 Nf6 9. Nc3 Bg4 10. Nd2 c5 11. Qe3 O-O-O 12. h3 Bd7 $1 {Putting the B
on c6 seems to be the best setup.} (12... Be6 13. O-O-O Nd7 14. f4 f6 15. Nf3
Rhe8 16. Rhe1 Nb6 17. Rxd8+ Rxd8 18. f5 $36 {1/2-1/2 Illescas Cordoba,M-Salov,
V/Madrid 1997/CBM 59/[Illescas Cordoba] (65)}) 13. O-O-O Bc6 14. g4 Rhe8 15.
Rhe1 b6 $5 $146 {[%mdl 8] This is a clever trap anticipating White´s next move.
} (15... Nd7 16. f4 f6 17. Qg3 g5 18. Nf3 Nf8 $13 {1-0 Prie,E-Giorgadze,G/
Andorra 1997/CBM 58 ext/[Bulletin] (66)}) 16. f4 $2 {Walking right into it. An
unusual mistake by Alexei "the calculator" Shirov. It can only be explained by
a lack of concentration.} (16. e5 $142) 16... Nxe4 $1 {[%mdl 64] The pin
against the White Q regains the piece.} 17. Ncxe4 f5 18. gxf5 gxf5 19. Nd6+
Qxd6 20. Nc4 Qf6 $17 {Black´s advantage is clear. White has some slight hope
for a draw due to the N post on e5 and the doubled c-P:s.} 21. Rxd8+ Rxd8 22.
Ne5 Be4 23. Rg1 Qe6 24. b3 Qd5 25. Nc4 Kb7 26. Kb2 Rg8 27. Rxg8 Qxg8 28. Qf2
Qd8 29. Ne5 Qd1 (29... Qd4+ {is also possible, but there is no hurry. Black
has a firm grip.}) 30. h4 a5 31. a4 Kc8 32. Nc4 Qd4+ 33. Qxd4 cxd4 34. c3 dxc3+
35. Kxc3 Kd7 36. Ne3 Ke6 37. Kd4 Bf3 38. Kc3 Bd5 39. Nf1 Kd6 40. Ng3 Be6 41.
Nf1 Kc5 42. Ne3 c6 43. Nc2 b5 44. axb5 cxb5 45. b4+ axb4+ 46. Nxb4 Bc4 0-1

[Event "Leon"]
[Site "Leon"]
[Date "1995.??.??"]
[Round "6"]
[White "Sion Castro, Marcelino"]
[Black "Sokolov, Ivan"]
[Result "1/2-1/2"]
[WhiteElo "2390"]
[BlackElo "2645"]
[Annotator "Wedberg,T"]
[PlyCount "70"]
[EventDate "1995.05.??"]
[EventType "tourn"]
[EventRounds "9"]
[EventCountry "ESP"]
[EventCategory "14"]
[SourceTitle "CBM 048"]
[Source "ChessBase"]
[SourceDate "1995.10.01"]
[SourceVersion "1"]
[SourceVersionDate "1995.10.01"]
[SourceQuality "1"]

1. e4 {Romero Holmes} e5 2. Nf3 Nc6 3. Bb5 g6 4. c3 Nge7 5. O-O Bg7 6. d4 exd4
7. cxd4 d5 8. exd5 Nxd5 9. Re1+ Be6 10. Bg5 Qd6 11. Nbd2 O-O 12. Ne4 Qb4 13.
Bxc6 bxc6 14. Qc1 Bf5 $6 (14... Rfe8 {Romero Holmes} 15. h3 Rab8 16. b3 Bf5 17.
Bd2 Qb6 18. Nc5 {Wolff,P-Sokolov,I/Biel izt/1993/}) 15. Qxc6 (15. Ng3 {Romero
Holmes} Be6 (15... Bg4 16. Ne5 Qxd4 $2 17. Re4) 16. Ne4 $10) 15... Bxe4 16.
Rxe4 Qxb2 17. Ree1 Nc3 18. Be7 $1 (18. Qxc7 $2 Ne2+ 19. Kh1 Nxd4 $15) 18...
Rfe8 (18... Rfc8 19. Qc4 c6 20. Ne5 $36) 19. Bc5 Ne4 (19... Ne2+ {Romero Holmes
}) 20. Nd2 $1 $16 (20. Ng5 $2 Qxf2+ 21. Kh1 Ng3+ $19) 20... Qxd2 21. Rxe4 Red8
22. Rae1 h5 23. a4 Qc2 24. g3 a5 25. Re8+ $2 {Letting Black off the hook.} (25.
Rf4 $1 {/\Rxf7!} Rf8 (25... Rac8 $2 26. Rxf7 $1 Kxf7 27. Qe6#) (25... Qc4 26.
d5 $1 Qa6 (26... Qxd5 $2 27. Re8+ Kh7 28. Qxd5 Rxd5 29. Rxa8 $18) (26... Qd3 {
Romero Holmes} 27. Rxf7 $1 Qxd5 28. Rxg7+ Kxg7 29. Re7+ $18) 27. Qxc7 Bf6 28.
Qc6 $18) 26. d5 Qd2 27. Ree4 $5 {Keeping the pressure against f7, f8 and e8.
But, can Black mate on the first rank?} Rfd8 (27... Rab8 28. Bxf8 Rb1+ 29. Kg2
Qd1 30. Bxg7 Qf1+ 31. Kf3 Qh1+ 32. Ke3 Qe1+ 33. Kd4 Qb4+ 34. Qc4 $18) 28. Rxf7
$1 Qd1+ 29. Kg2 Qxd5 30. Qxd5 Rxd5 31. Rxc7 $16) 25... Rxe8 26. Rxe8+ Rxe8 27.
Qxe8+ Kh7 28. Qxf7 Qxa4 29. Qxc7 Qa1+ 30. Kg2 a4 31. Qa7 Qd1 32. h4 Qb3 33. Kg1
$6 (33. Qa8 $142) 33... Qb1+ 34. Kg2 Qe4+ 35. Kg1 Qe1+ 1/2-1/2

[Event "FRA-ch Final stage"]
[Site "Besancon"]
[Date "1999.08.25"]
[Round "2.1"]
[White "Bauer, Christian"]
[Black "Anic, Darko"]
[Result "1-0"]
[WhiteElo "2480"]
[BlackElo "2467"]
[Annotator "Wedberg,T"]
[PlyCount "71"]
[EventDate "1999.08.23"]
[EventType "k.o."]
[EventRounds "2"]
[EventCountry "FRA"]
[SourceTitle "CBM 073"]
[Source "ChessBase"]
[SourceDate "1999.12.01"]
[SourceVersion "1"]
[SourceVersionDate "1999.12.01"]
[SourceQuality "1"]

1. e4 e5 2. Nf3 Nc6 3. Bb5 g6 4. c3 Bg7 (4... d6 5. d4 Bd7) 5. d4 exd4 6. cxd4
Nge7 7. d5 (7. O-O O-O 8. Nc3 d6 9. h3 a6 10. Ba4 b5 11. Bc2 Bb7 12. Bg5 f6 13.
Be3 Na5) 7... Ne5 8. Nxe5 Bxe5 9. Nc3 c6 10. Bc4 d6 (10... Qc7 11. Qf3 O-O 12.
Bh6 Bg7 13. Bxg7 Kxg7 14. O-O d6 15. Rad1 Ng8 16. dxc6 bxc6 17. Qf4 Rd8 18. Rd3
Nf6 19. Rfd1) 11. dxc6 Nxc6 (11... bxc6) 12. O-O O-O 13. Be3 Be6 14. Bd5 Qe7
15. Qd2 Rac8 16. Rae1 Bg7 17. Bg5 Qd7 18. Bh6 a6 19. Bxg7 Kxg7 20. f4 f6 21.
Re3 Bf7 22. Bxf7 Rxf7 23. Rd3 Rd8 24. Re1 Qc7 25. Nd5 Qc8 26. h3 Qe6 27. Rd1
Rfd7 (27... Qxe4) 28. f5 gxf5 29. exf5 Qxf5 30. Rf3 Qg5 31. Qc3 Kh8 32. Rg3 (
32. Qxf6+ Qxf6 33. Rxf6) 32... Qh4 (32... Qe5 33. Nxf6 Rf7 34. Nd5) 33. Nxf6
Rg7 34. Nh5 Qxg3 35. Nxg3 Ne5 36. Nf5 1-0

[Event "Women-Veterans"]
[Site "Prague"]
[Date "1995.??.??"]
[Round "6"]
[White "Polgar, Judit"]
[Black "Smyslov, Vassily V"]
[Result "1/2-1/2"]
[WhiteElo "2635"]
[BlackElo "2540"]
[Annotator "Wedberg,T"]
[PlyCount "57"]
[EventDate "1995.07.??"]
[EventType "schev"]
[EventRounds "5"]
[EventCountry "CZE"]
[SourceTitle "CBM 048"]
[Source "ChessBase"]
[SourceDate "1995.10.01"]
[SourceVersion "1"]
[SourceVersionDate "1995.10.01"]
[SourceQuality "1"]

1. e4 e5 2. Nf3 Nc6 3. Bb5 g6 4. d4 exd4 5. Bg5 Be7 6. Bxe7 Qxe7 7. Bxc6 dxc6
8. Qxd4 Nf6 9. Nc3 Bg4 10. Nd2 c5 11. Qe3 O-O-O 12. h3 Be6 13. O-O-O Nd7 14. e5
(14. Nb3 Rhe8 15. Rhe1 b6 (15... Bxb3 16. axb3 $14) 16. f4 f6 17. Qf3 Kb8 18.
Nd2 $14 {Saltaev-Georgadze,G/Manila(ol)/1992}) 14... Rhe8 15. Rhe1 f6 16. exf6
Nxf6 17. Nf3 Rxd1+ 18. Rxd1 Bd7 19. Qxe7 Rxe7 20. Re1 Rxe1+ 21. Nxe1 $14 Bc6
22. f3 Kd7 23. Kd2 Kd6 24. Ke3 c4 $6 25. g4 $6 (25. Kd4 $1 b5 26. Ne4+ Bxe4 27.
fxe4 c5+ 28. Ke3 Nd7 29. Nf3 Ne5 30. Kf4 $16 {This is only effective with the
P still on g2.} Nxf3 $2 31. gxf3 $18) 25... b5 26. Ne4+ $6 Bxe4 $1 27. fxe4 Nd7
28. Nf3 Ne5 $1 29. Nxe5 $10 (29. Nd4 a6 30. Kf4 h6 $10) (29. Kf4 {With the P
on g2 this would win...} Nxf3 30. Kxf3 g5 $10) 1/2-1/2

[Event "FIDE-Wch k.o."]
[Site "Las Vegas"]
[Date "1999.08.04"]
[Round "2.2"]
[White "Nisipeanu, Liviu Dieter"]
[Black "Azmaiparashvili, Zurab"]
[Result "1/2-1/2"]
[WhiteElo "2584"]
[BlackElo "2681"]
[Annotator "Wedberg,T"]
[PlyCount "88"]
[EventDate "1999.07.31"]
[EventType "k.o."]
[EventRounds "7"]
[EventCountry "USA"]
[SourceTitle "CBM 072"]
[Source "ChessBase"]
[SourceDate "1999.10.01"]
[SourceVersion "1"]
[SourceVersionDate "1999.10.01"]
[SourceQuality "1"]

1. e4 e5 2. Nf3 Nc6 3. Bb5 g6 4. d4 exd4 5. Bg5 Be7 6. Bxe7 Qxe7 7. Bxc6 dxc6
8. Qxd4 Nf6 9. O-O O-O 10. Nc3 Rd8 11. Qe5 (11. Qe3 Bg4 12. Nd2 b5 13. Nb3 a5
14. h3 (14. Rfe1 $5) 14... Be6 15. Nd4 Bd7 16. e5 Nd5 17. Nxd5 cxd5 $11 {
Ivanchuk,V-Kamsky,G/Tilburg 1990/CBM 20/[Schussler] (38)}) 11... Qxe5 $146 {
[%mdl 8] New and probably good.} (11... Re8 12. Qxe7 Rxe7 13. Rfe1 Bg4 14. Nd2
Rd8 15. Nf1 Rde8 16. f3 {[%csl Ge4]} Bc8 17. Rad1 $14 {1-0 Georgiev,K-Radulski,
J/BUL-ch 1992/TD (71)}) 12. Nxe5 Re8 13. f4 {[%csl Re4] Compared to the game
Georgiev,K-Radulski,J in the previous comment, White is forced to play f4
which makes e4 a target for Black.} b6 14. Rad1 Kg7 15. h3 Bb7 16. g4 Rad8 17.
Rxd8 Rxd8 18. Nf3 c5 19. e5 Ne4 20. Rd1 $1 (20. Nxe4 $6 Bxe4 $15 {[%csl Ge4]
[%cal Yd8d2,Ye4c2,Ye4f3]}) 20... Rxd1+ 21. Nxd1 f6 22. a3 Kf7 23. exf6 Kxf6 24.
Ne3 b5 $11 {White´s P-formation is better, but Black is fairly active and a B
is always a B, so this should be about equal.} 25. h4 c4 26. Ng5 (26. c3 $2
Nxc3 $17) 26... c3 $5 (26... h6 27. Nxe4+ Bxe4 28. c3 {This leaves Black with
no play - even though it looks fairly drawish anyway.}) 27. Nxe4+ (27. Nxh7+ $2
Kg7 $19) 27... Bxe4 28. bxc3 c5 {The pressure against c2 makes it difficult
for White to do anything.} 29. g5+ {White is not obliged to do this, but else
Black could continue with h6 and g5 creating another target for the B on g4.
After 29.g5 White must control f5 to prevent the black K from entering.} Ke6
30. Kf2 a5 31. Ke2 Ke7 32. Kd1 Kd6 33. Kc1 (33. Nf1 Ke6 34. Ng3 Bd5 {is no big
improvement for White since} 35. Kd2 a4 36. Ke3 $2 b4 $1 {is good for Black.})
33... Ke7 34. Kd2 Ke6 35. Kd1 Kd6 36. Kc1 Ke7 37. Kb2 a4 38. Kc1 Kd6 39. Kb1
Ke7 40. Kc1 Kd6 41. Kb2 Ke6 42. Kb1 Bb7 43. Kc1 Bf3 44. Kb2 Be4 1/2-1/2

[Event "Schuhplattler Veterans-Ladies"]
[Site "Munich"]
[Date "2000.07.08"]
[Round "5"]
[White "Polgar, Sofia"]
[Black "Smyslov, Vassily V"]
[Result "0-1"]
[WhiteElo "2501"]
[BlackElo "2486"]
[Annotator "Wedberg,T"]
[PlyCount "56"]
[EventDate "2000.07.04"]
[EventType "schev"]
[EventRounds "10"]
[EventCountry "GER"]
[SourceTitle "CBM 078"]
[Source "ChessBase"]
[SourceDate "2000.10.18"]
[SourceVersion "1"]
[SourceVersionDate "2000.10.18"]
[SourceQuality "1"]

{A nice attacking game by Vassily Smyslov - with combinations and everything.
When he beat Zoltan Ribli in their 1983 candidates match he was especially
happy about having won "with combinations". Well, seventeen years later he can
still deliver the same stuff.} 1. e4 e5 2. Nf3 Nc6 3. Bb5 g6 4. c3 a6 5. Bc4 d6
6. d4 Bg7 7. O-O (7. Bg5 Qd7 8. O-O h6 9. Bh4 Nf6 10. Re1 O-O 11. Nbd2 Re8 12.
a4 b6 13. Bf1 Bb7 $14 {0-1 Lobron,E-Salov,V/Wijk aan Zee 1993/CBM 34 (31)})
7... Qe7 8. dxe5 (8. d5 Nd8 9. Na3 f5 $5 10. exf5 gxf5 11. Re1 Nf6 12. Bg5 Nf7
13. Bh4 O-O $13 {0-1 Comp XBP-Martinovsky,E/Chicago 1994/EXT 97 (60)}) (8. h3 {
is more to the point in my opinion. White keeps the tension and plays for
space advantage without exchanges.} h6 (8... Nf6 9. Re1 O-O 10. Bg5 h6 11. Bh4
g5 12. Bg3 Nh5 13. Nxe5 dxe5 14. Qxh5 exd4 15. Bd5 $14 {1/2-1/2 Rytshagov,
M-Vetemaa,J/Tallinn 1997/EXT 2000 (43)}) 9. Be3 Nf6 10. Nbd2 O-O 11. Re1 Kh8
12. a4 $14 {1/2-1/2 Lanka,Z-Kortschnoj,V/Debrecen 1992/EU-chT/[Bulletin] (48)})
8... Nxe5 (8... dxe5 9. b3 Be6 10. Qe2 Rd8 11. Nbd2 Nf6 12. Ng5 Bxc4 13. Nxc4
Nh5 14. Nh3 Qe6 15. Ba3 Bf8 16. Bxf8 Kxf8 17. Ne3 Nf4 {1/2-1/2 Varavin,
V-Mukhametov,E/Novosibirsk 1989/TD (17)}) 9. Nxe5 dxe5 10. b3 {An ambitious
attempt to get something tangible out of the opening.} (10. Be3 Nf6 11. f3 O-O
12. b4 Rd8 13. Qe2 Be6 $11 {1/2-1/2 Puljek Salai,Z-Dabrowska,K/Debrecen 1992/
EU-chT (36)}) 10... Nf6 11. Ba3 c5 12. Bd5 O-O 13. b4 $6 {This just doesn´t
achieve it´s aim. White´s play is defused with developing moves.} (13. c4 $5 {
[%cal Ya3e7,Yb1c3,Yc3a4] /\Nc3}) 13... Rd8 $1 14. bxc5 Nxe4 15. c4 (15. c6 Qc7
16. Qb3 Nf6 $1 {The key move that kills White´s initiative.} 17. cxb7 Bxb7 18.
Bxb7 (18. Qxb7 Nxd5 19. Qxc7 Nxc7 $17) 18... Rab8 $17) 15... Qc7 (15... Nxc5 $2
16. Bxc5 Qxc5 17. Bxf7+ Kxf7 18. Qxd8 e4 19. Nd2 Bxa1 20. Nxe4 $16) 16. Re1 Bf5
$1 17. g4 {Sofia wants to see if the old man really knows what he is doing.} (
17. Nd2 Nxc5 $17) 17... Nxf2 $1 {[%mdl 640] Yes, he was once the world
champion...} 18. Kxf2 e4 {[%cal Yg7a1,Yc7h2]} 19. Kg2 Be6 20. Nd2 Bxd5 21. cxd5
Rxd5 {Black´s central pressure and White´s exposed K is ample compensation.}
22. Qe2 Bxa1 23. Rxa1 Re8 24. Nc4 (24. Nxe4 Rde5 25. Nf6+ Kh8 26. Qf3 Re2+ 27.
Kf1 R8e3 $19) 24... Rd3 25. Rb1 Qc6 26. Kg1 Rxa3 $1 27. Nxa3 Qxc5+ 28. Qf2 e3
0-1

[Event "Hoogovens"]
[Site "Wijk aan Zee"]
[Date "1995.01.??"]
[Round "2"]
[White "Tiviakov, Sergei"]
[Black "Sokolov, Ivan"]
[Result "1-0"]
[WhiteElo "2640"]
[BlackElo "2625"]
[Annotator "Wedberg,T"]
[PlyCount "87"]
[EventDate "1995.01.??"]
[EventType "k.o."]
[EventRounds "5"]
[EventCountry "NED"]
[SourceTitle "CBM 045"]
[Source "ChessBase"]
[SourceDate "1995.04.01"]
[SourceVersion "1"]
[SourceVersionDate "1995.04.01"]
[SourceQuality "1"]

1. e4 {Ernst} e5 2. Nf3 Nc6 3. Bb5 g6 4. c3 Nge7 5. O-O Bg7 6. d4 exd4 7. cxd4
d5 8. exd5 Nxd5 9. Bg5 (9. Re1+ {Ernst} Be6 10. Bxc6+ bxc6 $10) 9... Qd6 10.
Re1+ Be6 11. Nbd2 (11. Nc3 {Ernst} Nxc3 $5) 11... O-O 12. Ne4 Qb4 13. Bxc6 bxc6
14. Qc1 Rfe8 15. h3 Rab8 16. b3 Bf5 17. Bd2 Qf8 (17... Qb6 18. Nc5 h5 19. Ne5
Rbd8 20. Qa3 Re7 21. Rac1 Rde8 22. Qb2 Qb5 {+/=/Wolff,P-Sokolov,I/Biel(izt)/
1993}) 18. Ng3 Rxe1+ 19. Bxe1 Bd7 20. Ne5 Qe8 21. Qc5 Bxe5 22. dxe5 Qxe5 23.
Rd1 Ra8 24. f3 $146 {/\Ne4,Bc3} (24. Ba5 Be8 25. Re1 Qd6 26. Qxd6 cxd6 27. Ne4
$14 {Tsehkovsky,V-Dreev,A/Moscow1992}) 24... f5 25. Bf2 Qd6 26. Qa5 Be6 27. Ne2
Qe5 28. Nd4 Bd7 29. Nc2 {/\Ne3} Re8 30. Na3 (30. Qxa7 $4 Qe2 31. Rc1 Qd2 32.
Qa3 Re2 $19) 30... f4 31. Nc4 Qg5 32. h4 (32. Kf1 $5 {Ernst}) 32... Qf5 33.
Qxa7 Nc3 34. Rd2 g5 35. hxg5 Ne2+ 36. Rxe2 $1 Rxe2 37. Qxc7 Qd5 $2 (37... Rxa2
$2 38. Qd8+ Kg7 39. Bd4+ Kg6 40. Ne5+ Kh5 41. Nxd7 $18) (37... Be6 38. Bd4 (38.
Qxc6 Bd5 $1 $44) 38... Qxg5 39. Qb8+ Kf7 40. Ne5+ $13) 38. Nd6 $16 Rxf2 $2 (
38... Be8 39. Nxe8 Rxe8 40. Qxf4 $16) (38... Qd1+ 39. Kh2 Rxf2 $2 40. Qd8+ Kg7
41. Qf6+ Kg8 42. Qf7+ Kh8 43. Qf8#) 39. Qd8+ Kg7 40. Qxd7+ Kg6 41. Qe8+ Kg7 42.
Qe7+ Kg8 43. Qd8+ Kg7 44. Ne8+ 1-0

[Event "Women-Veterans"]
[Site "London"]
[Date "1996.??.??"]
[Round "4"]
[White "Polgar, Sofia"]
[Black "Smyslov, Vassily V"]
[Result "0-1"]
[WhiteElo "2480"]
[BlackElo "2510"]
[Annotator "Wedberg,T"]
[PlyCount "84"]
[EventDate "1996.08.15"]
[EventType "schev"]
[EventRounds "5"]
[EventCountry "ENG"]
[SourceTitle "CBM 055"]
[Source "ChessBase"]
[SourceDate "1996.12.01"]
[SourceVersion "1"]
[SourceVersionDate "1996.12.01"]
[SourceQuality "1"]

1. e4 {Hecht} e5 2. Nf3 Nc6 3. Bb5 g6 4. d4 exd4 5. Nxd4 (5. Bg5 $142) 5... Bg7
6. Be3 Nf6 7. Nc3 O-O 8. O-O Ng4 9. Qxg4 (9. Nxc6 dxc6 10. Qxd8 Rxd8 11. Bg5
Re8 12. Bd3 Be6 $10 {Kijk,K-Smagin,S/URS-OT Norilsk 1987/1/2-1/2 (79)}) 9...
Nxd4 10. Bxd4 $6 {Once White has exchanged her blacksquared bishop, Black can
safely disrupt the white pawn formation by taking on c3.} (10. Bd3 d6 (10... d5
11. Qg3 dxe4 12. Bxe4 Nf5 13. Bxf5 Bxf5 14. Rad1 Qc8 15. Nd5 $16) 11. Qg3 Be6
12. Rad1 $10) (10. Ba4 d6 11. Qg3 Bd7 $10) 10... Bxd4 11. Rad1 Bxc3 {Forced
but strong.} 12. bxc3 d6 13. Qg3 Qe7 14. f4 f5 15. exf5 Bxf5 $15 16. Qf2 Qf6
17. Qd2 a6 18. Ba4 Kh8 19. c4 Be6 20. Qd3 Rad8 21. Rb1 Bc8 $5 {A surprising
retreat. Black wants to keep the white B out of play.} (21... b6 22. Bc6 {
With the B back in the game White is perfectly OK.}) 22. Qe3 Rf7 23. c5 dxc5
24. Bb3 Re7 25. Qxc5 b6 26. Qf2 Qd4 27. Qxd4+ Rxd4 28. Rbd1 Rxd1 29. Rxd1 Bd7
30. Kf2 Kg7 31. Re1 $2 {This is dangerous because Black can easily exchange B:
s to reach a P-ending. With the R:s still on the board White had good hopes
for a draw.} Rxe1 32. Kxe1 Kf6 $17 33. Kd2 b5 34. a3 Be6 $1 35. Ke3 c5 36. Bxe6
Kxe6 {[#] Hecht: ungleiche B-Verteilung, Installation eines weit entfernten
schwarzen a-Freibauern} 37. Ke4 a5 38. g4 a4 $1 $19 39. Kd3 (39. c3 b4 $1 $19)
39... b4 40. axb4 (40. Kd2 {Hecht} Kd5 (40... b3 $2 41. cxb3 axb3 42. Kc3 c4
43. a4 $18)) 40... a3 41. Kc3 cxb4+ 42. Kb3 Kd5 (42... Kd5 43. f5 (43. c3 bxc3
44. Kxa3 Ke4 45. f5 gxf5 46. gxf5 Kxf5 $19 (46... Kd3 {Hecht} 47. f6 c2 $19))
43... gxf5 44. gxf5 Ke5 45. c3 bxc3 46. Kxa3 Kxf5 47. Kb3 Kg4 48. Kxc3 Kh3 49.
Kd3 Kxh2 50. Ke4 Kg3 $19) 0-1